Análisis de inundaciones en la cuenca del Río Sierpe

Guardado en:
書目詳細資料
主要作者: Salas Corella, Walter
格式: 圖書
出版: San José, Costa Rica 1991
主題:
標簽: 添加標簽
沒有標簽, 成為第一個標記此記錄!

MARC

LEADER 00000nam a2200000Ia 4500
003 005116
005 20221231144329.0
008 140114s1991 cr a m 000 ||s d
040 |c cru CEDI 
090 |a TFG 2432 
100 |a Salas Corella, Walter  |9 12827 
245 |a Análisis de inundaciones en la cuenca del Río Sierpe 
260 |c 1991  |a San José, Costa Rica 
300 |a  [112] hojas : ilustraciones ; 28 cm.  
500 |a Proyecto de graduación (licenciatura en ingeniería civil)--Universidad de Costa Rica. Facultad de Ingeniería. Escuela de Ingeniería Civil 
650 |x RIO SIERPE (COSTA RICA) - INUNDACIONES  |9 12828 
942 |c TFG 
999 |c 20263  |d 20263